Statistics for USA rivers over 1000 km long

Click here to take the quiz!

General Stats

  • This quiz has been taken 155 times
  • The average score is 12 of 24

Answer Stats

Length(km)Answer% Correct
3544Mississippi
98%
3768Missouri
98%
1575Ohio
94%
2330Colorado
89%
2830Rio Grande
77%
1811Red
76%
1674Snake
76%
2322Arkansas
74%
2000Columbia
71%
1504Tennessee
67%
3185Yukon
62%
1230Green
46%
1175Pecos
39%
1091Yellowstone
34%
1390Brazos
32%
1030North Platte
27%
1458Canadian
25%
1120Cumberland
24%
1159White
21%
1140James
20%
1123Cimarron
8%
1005Milk
7%
1130Kuskokwim
6%
1560Colorado(Texas)
5%

Score Distribution

Percentile by Number Answered

Percent of People with Each Score

Your Score History

You have not taken this quiz